000 00835 a2200193 4500
999 _c9056
_d9056
020 _a9780797480216
050 0 0 _aKTZ85 MUC 2017
100 1 _aMucheche, Caleb H.,
_eauthor.
245 1 0 _aCommercial law in Zimbabwe :
_bcases and materials /
_cby Caleb H. Mucheche, LLB (Hons) UZ, LLM labour law, legal practitioner, conveyancer, notary public, estate administrator, arbitrator & consultant.
250 _aSecond edition.
264 1 _aHarare, Zimbabwe :
_bZimlaw Net, Africa Legal Resources Dominion,
_c2017.
300 _a628 pages ;
500 _aIncludes index
504 _aIncludes bibliographical references
650 0 _aCommercial law
942 _2lcc
_cBK
_e2nd ed.
_h85
_iMUC
_kKTZ